| 000 | 00668cam a22002411 4500 | ||
|---|---|---|---|
| 001 | sa 68009481 | ||
| 003 | DLC | ||
| 005 | 20260227112543.0 | ||
| 008 | 890823s1968 ii b 000 0 hino | ||
| 010 | _asa 68009481 | ||
| 035 | _a(OCoLC)20236624 | ||
| 040 |
_aDLC _cWaU _dDLC |
||
| 042 | _apremarc | ||
| 050 | 0 | 0 |
_aPK2095.T8 _bR332 |
| 100 | 1 |
_aGupta, Paramalāla, _d1933- |
|
| 245 | 1 | 0 | _aRāmacaritamānasa aura Sāketa. |
| 260 | _c[1968] | ||
| 300 |
_a2, 205 p. _c23 cm. |
||
| 500 | _aIn Hindi. | ||
| 504 | _aBibliographical footnotes. | ||
| 600 | 0 | 0 |
_aTulasīdāsa, _d1532-1623. _tRāmacaritamānasa. |
| 600 | 1 | 0 |
_aGupta, Maithili Sarana, _d1886-1964. _tSāketa. |
| 999 |
_c82930 _d82930 |
||